00369nam a22001217a 4500008004100000020001500041050001800056245007200074250002700146260003000173300001500203650002900218180709b xxu||||| |||| 00| 0 eng d a0071241337 aRC952b.A1C87 aCurrent Geriatric Diagnosis and Treatment cedid by Seth... [et al] aInternational edition  aBoston bMcGrawHillc2004 axiii,558p. aGeriatrics vperiodicals